|
|
|
|
| LEADER |
00000nam0a2200000 4500 |
| 001 |
148704 |
| 005 |
20231031145548.0 |
| 010 |
|
|
|a 5247023315
|
| 020 |
|
|
|a RU
|b 91-52220
|
| 035 |
|
|
|a (RuTPU)RU\TPU\book\161234
|
| 090 |
|
|
|a 148704
|
| 100 |
|
|
|a 20081206d1991 k a0rusy5003 ca
|
| 101 |
0 |
|
|a rus
|
| 102 |
|
|
|a RU
|
| 105 |
|
|
|a a z 001zy
|
| 200 |
1 |
|
|a Системный анализ геодезических измерений
|f А. Н. Сухов
|
| 210 |
|
|
|a Москва
|c Недра
|d 1991
|
| 215 |
|
|
|a 175 с.
|c ил.
|
| 320 |
|
|
|a Библиогр.: с. 174.
|
| 610 |
1 |
|
|a геодезические измерения
|
| 610 |
1 |
|
|a системный анализ
|
| 610 |
1 |
|
|a системные методы
|
| 675 |
|
|
|a 528
|v 3
|
| 700 |
|
1 |
|a Сухов
|b А. Н.
|g Александр Николаевич
|
| 801 |
|
0 |
|a RU
|b RuMRKP
|c 19950417
|g psbo
|
| 801 |
|
1 |
|a RU
|b 63413507
|c 20081206
|g PSBO
|
| 801 |
|
2 |
|a RU
|b 63413507
|c 20090216
|g PSBO
|
| 942 |
|
|
|c BK
|